El Retoño / (Record no. 9658)

000 -CABECERA
fixed length control field 00619nam a22002057a 4500
003 - IDENTIFICADOR DEL NÚMERO DE CONTROL
control field AR-CdUCM
008 - DATOS DE LONGITUD FIJA--INFORMACIÓN GENERAL
fixed length control field 190304b ||||| |||| 00| 0 spa d
040 ## - FUENTE DE LA CATALOGACIÓN
Agencia/entidad que catalogó originalmente la obra MUNICIPALIDAD PROVINCIAL DEL CUSCO
Entidad que transcribió la catalogación BIBLIOTECA MUNICIPAL DEL CUSCO
082 ## - NÚMERO DE LA CLASIFICACIÓN DECIMAL DEWEY
No. de Clasificación 868.41 /
Notacion interna H84E / 1950
100 ## - ENTRADA PRINCIPAL--NOMBRE DE PERSONA
Nombre Personal Huanay, Julian
245 ## - MENCIÓN DE TÍTULO
Título El Retoño /
260 ## - PUBLICACIÓN, DISTRIBUCIÓN, ETC.
Lugar de publicación, distribución, etc. Lima :
Nombre de la editorial, distribuidor, etc. Siglo ;
Fecha de publicación, distribución, etc. 1950.
300 ## - DESCRIPCIÓN FÍSICA
Nº de Páginas Extensión 122 páginas ;
Dimensiones 17cm.
505 ## - NOTA DE CONTENIDO CON FORMATO
Nota de contenido formateada Novela
650 ## - PUNTO DE ACCESO ADICIONAL DE MATERIA--TÉRMINO DE MATERIA
Descriptor Literatura peruana
9 (RLIN) 169
650 ## - PUNTO DE ACCESO ADICIONAL DE MATERIA--TÉRMINO DE MATERIA
Descriptor Novela peruana
9 (RLIN) 234
942 ## - ELEMENTOS DE PUNTO DE ACCESO ADICIONAL (KOHA)
Fuente de clasificación
Tipo de item Libros-BMC
945 ## - PROCESAMIENTO DE INFORMACIÓN LOCAL (OCLC)
Catalogador dmma
Holdings
Estado de retiro (separado) Fuente de clasificación o esquema de estanterías Estado dañado Ubicación Sala donde se ubica Nombre de la colección Fecha de adquisición o compra Costo, precio normal en soles Signatura topográfica Código de Barras Última vez visto (Koha) Tipo de ítem (Koha)
No     Sala Cusco Antiguo Sala Cusco Antiguo Book Cart 2019-03-28 30.00 868.41 / H84E / 1950 SCA0000388 2019-03-28 Libros-BMC
No     Sala Cusco Antiguo Sala Cusco Antiguo Book Cart 2019-03-28 30.00 868.41 / H84E / e.2 / 1950 SCA0000166 2019-03-28 Libros-BMC

Powered by Koha